| 000 | 00583nam a2200253Ia 4500 | ||
|---|---|---|---|
| 008 | 160803s9999 xx 000 0 und d | ||
| 020 | _a0 439176832 | ||
| 100 | _aNix, Garth | ||
| 245 | _aCastle / | ||
| 245 | _cby Garth Nix. | ||
| 260 | _aNew York : | ||
| 260 | _bScholastic Inc. | ||
| 260 | _c2000 | ||
| 300 | _a215 pages ; | ||
| 300 | _c21 cm. | ||
| 440 | _aSeventh tower, | ||
| 440 | _vbk. 2. | ||
| 650 | _aChildren's stories. | ||
| 650 | _aFantasy. | ||
| 650 | _aImaginary places -- | ||
| 650 | _aScience fiction. | ||
| 650 | _xFiction. | ||
| 700 | _a790 | ||
| 999 |
_c298741 _d298741 |
||